ՀՀ Գիտությունների ազգային ակադեմիայի հիմնարար գիտական գրադարան  =   Fundamental Scientific Library of NAS RA

Physical techniques in biological research (Record no. 115834)

MARC details
000 -LEADER
fixed length control field 01197nam a2200241 u 4500
001 - CONTROL NUMBER
control field 000312636
003 - CONTROL NUMBER IDENTIFIER
control field AM-YeHGA
005 - DATE AND TIME OF LATEST TRANSACTION
control field 20250617130345.0
008 - FIXED-LENGTH DATA ELEMENTS--GENERAL INFORMATION
fixed length control field 040226s2000 nyu|||||||||||000|0|eng|d
040 ## - CATALOGING SOURCE
Original cataloging agency AM-YeHGA
041 0# - LANGUAGE CODE
Language code of text/sound track or separate title eng
090 ## - LOCALLY ASSIGNED LC-TYPE CALL NUMBER (OCLC); LOCAL CALL NUMBER (RLIN)
-- 117179
245 00 - TITLE STATEMENT
Title Physical techniques in biological research
260 ## - PUBLICATION, DISTRIBUTION, ETC.
Place of publication, distribution, etc. New York :
Name of publisher, distributor, etc. Academic Press.
300 ## - PHYSICAL DESCRIPTION
Extent v.
Other physical details ill.
504 ## - BIBLIOGRAPHY, ETC. NOTE
Bibliography, etc. note Includes bibliogr. references
505 10 - FORMATTED CONTENTS NOTE
Miscellaneous information Vol. 1 (1955; xi, 564 p.) :
Title Optical techniques /
Statement of responsibility Ed. by Gerald Oster, Arthur W. Pollister ;
Miscellaneous information Vol. 2, Part A (1968; xi, 392 p.) :
Title Physical chemical techniques /
Statement of responsibility Ed. by Dan H. Moore ;
Miscellaneous information Vol. 3, Part A (1966; xii, 408 p.) :
Title Cells and Tissues /
Statement of responsibility Ed. by Arthur W. Pollister
Miscellaneous information Vol. 4 (1962; xiii, 410 p.) :
Title Special methods /
Statement of responsibility Ed. by William L. Nastuk ;
Miscellaneous information Vol. 5, Part A (1964; xv, 460 p.) :
Title Electrophysiological methods /
Statement of responsibility Ed. by William L. Nastuk ;
Miscellaneous information Vol. 6, Part B (1963, xiii, 425 p.) :
Title Electrophysiological methods /
Statement of responsibility Ed. by Wiliam L. Nastuk
650 14 - SUBJECT ADDED ENTRY--TOPICAL TERM
Topical term or geographic name entry element Biology
General subdivision Optical techniques
700 1# - ADDED ENTRY--PERSONAL NAME
Personal name Oster, Gerald
Relationship edt
700 1# - ADDED ENTRY--PERSONAL NAME
Personal name Pollister, Arthur W.
Relationship edt
700 1# - ADDED ENTRY--PERSONAL NAME
Personal name Nastuk, William L.
Relationship edt
700 1# - ADDED ENTRY--PERSONAL NAME
Personal name Pollister, Arthur Wagg,
Dates associated with a name 1903-
Relationship edt
Holdings
Withdrawn status Lost status Damaged status Not for loan Collection Home library Current library Date acquired Serial enumeration / chronology Total checkouts Full call number Barcode Date last seen Copy number Price effective from Koha item type Public note
        Gulbenkian Individual Collection Fundamental Scientific Library Fundamental Scientific Library 22/12/2016 Vol. 3, Part A   Gulb/1148 901001148 22/12/2016 577.3 22/12/2016 Գրքեր / Books ILL Non-Circ.
        Gulbenkian Individual Collection Fundamental Scientific Library Fundamental Scientific Library 22/12/2016 Vol. 3, Part A   Gulb/1566 901001566 22/12/2016 577.3 22/12/2016 Գրքեր / Books ILL Non-Circ.
        Gulbenkian Individual Collection Fundamental Scientific Library Fundamental Scientific Library 22/12/2016 Vol. 5, Part A   Gulb/1577 901001577 22/12/2016 577.3 22/12/2016 Գրքեր / Books ILL Non-Circ.
        Gulbenkian Individual Collection Fundamental Scientific Library Fundamental Scientific Library 22/12/2016 Vol. 6, Part B   Gulb/1578 901001578 22/12/2016 577.3 22/12/2016 Գրքեր / Books ILL Non-Circ.
        Gulbenkian Individual Collection Fundamental Scientific Library Fundamental Scientific Library 22/12/2016 Vol. 3, Part A   Gulb/1906 901001906 22/12/2016 577.3 22/12/2016 Գրքեր / Books ILL Non-Circ.
        Gulbenkian Individual Collection Fundamental Scientific Library Fundamental Scientific Library 22/12/2016 Vol. 2, Part A   Gulb/1969 901001969 22/12/2016 577.3 22/12/2016 Գրքեր / Books ILL Non-Circ.
        Gulbenkian Individual Collection Fundamental Scientific Library Fundamental Scientific Library 22/12/2016 Vol. 1   Gulb/253 901000253 22/12/2016 577.3 22/12/2016 Գրքեր / Books ILL Non-Circ.
        Gulbenkian Individual Collection Fundamental Scientific Library Fundamental Scientific Library 22/12/2016 Vol. 4   Gulb/254 901000254 22/12/2016 577.3 22/12/2016 Գրքեր / Books ILL Non-Circ.
        Gulbenkian Individual Collection Fundamental Scientific Library Fundamental Scientific Library 22/12/2016 Vol. 5, Part A   Gulb/255 901000255 22/12/2016 577.3 22/12/2016 Գրքեր / Books ILL Non-Circ.
        Gulbenkian Individual Collection Fundamental Scientific Library Fundamental Scientific Library 22/12/2016 Vol. 6, Part B   Gulb/256 901000256 22/12/2016 577.3 22/12/2016 Գրքեր / Books ILL Non-Circ.


ՀՀ ԳԱԱ հիմնարար գիտական գրադարան
ՀՀ,Երևան 0019
Մարշալ Բաղրամյան 24/6
հեռախոս:(374-10) 52-47-50
Հետադարձ կապ

All site content, except where otherwise noted, is licensed under a
Creative Commons License